000 00441nam a2200181Ia 4500
003 GCL
008 140319s9999 xx 000 0 eng d
040 _aGCL /
_cGCL
082 0 4 _a172.2
_bB E
100 1 _aBELSKAYA, NATALIA
245 1 0 _aETHICS /
_cBELSKAYA, NATALIA
260 _a[S.N] :
_bPROGRESS PUBLISHERS ،
_c1986
300 _a350 P
650 0 4 _aPHILOSOPHY
650 0 4 _aETHICS, RUSSIA
650 0 4 _aVALUES
942 _2ddc
_cBK
999 _c17305
_d17305